| Tag |
First Indicator |
Second Indicator |
Subfields |
| LEADER |
00000nam a2200000 i 4500 |
| 001 |
in00004687828 |
| 006 |
m o d |
| 007 |
cr |n||||||||| |
| 008 |
210321s2021 enk ob 001 0 eng d |
| 005 |
20260214213557.1 |
| 020 |
|
|
|a 9781119821434
|q (electronic bk. ;
|q oBook)
|
| 020 |
|
|
|a 1119821436
|q (electronic bk. ;
|q oBook)
|
| 020 |
|
|
|a 9781119821410
|q (electronic bk.)
|
| 020 |
|
|
|a 111982141X
|q (electronic bk.)
|
| 020 |
|
|
|z 1786306360
|
| 020 |
|
|
|z 9781786306364
|
| 035 |
|
|
|a wil6007436
|
| 035 |
|
|
|a (NhCcYBP)wil6007436
|
| 040 |
|
|
|a NhCcYBP
|b eng
|e rda
|c NhCcYBP
|
| 050 |
|
4 |
|a HF5681.V3
|b H45 2021
|
| 082 |
0 |
4 |
|a 658.15
|2 23
|
| 100 |
1 |
|
|a Heller, David.
|
| 245 |
1 |
0 |
|a Performance of valuation methods in financial transactions /
|c David Heller.
|
| 264 |
|
1 |
|a London :
|b ISTE, Ltd. ;
|a Hoboken, NJ :
|b Wiley,
|c 2021.
|
| 300 |
|
|
|a 1 online resource
|
| 336 |
|
|
|a text
|b txt
|2 rdacontent
|
| 337 |
|
|
|a computer
|b c
|2 rdamedia
|
| 338 |
|
|
|a online resource
|b cr
|2 rdacarrier
|
| 490 |
1 |
|
|a Modern finance, management innovation and economic growth set ;
|v v. 4
|
| 504 |
|
|
|a Includes bibliographical references and index.
|
| 505 |
0 |
|
|a Cover -- Half-Title Page -- Title Page -- Copyright Page -- Contents -- Introduction -- 1. Traditional Valuation Methods and Ways of Applying Them -- 1.1. Introduction -- 1.2. The cost of financial structure -- 1.2.1. Financial asset valuation -- 1.2.2. Financial asset valuation -- 1.2.3. Theories of organizations -- 1.3. Valuation measures and follow-up measures -- 1.3.1. Evaluation by comparative approach -- 1.3.2. Flow assessment -- 1.3.3. Valuation through propriety and mixed approaches -- 1.4. The perspectives of assessment: control operations -- 1.4.1. The shareholder -- 1.4.2. Control negotiations -- 1.4.3. Leveraged buyout operations -- 1.5. Conclusion -- 2. The Performance of the Assessment and the Creation of Value from Control Operations -- 2.1. Introduction -- 2.2. Theoretical adjustments -- 2.2.1. Reconciliation of the traditional view with the Modigliani-Miller theorem -- 2.2.2. Optimizing the valuation methods -- 2.3. Contextual impacts and adjustments -- 2.3.1. Leverage transactions -- 2.3.2. Stock market multiples: from the impact of structures to anticipating profitability -- 2.3.3. Two delicate contexts for valuation: the bankruptcy situation and the start-up company -- 2.4. The creation of value resulting from control operations -- 2.4.1. The creation of value from the buyout of companies in bankruptcy -- 2.4.2. Abnormal returns resulting from control operations -- 2.4.3. The motivation of buyers to initiate control operations -- 2.5. Conclusion -- Conclusion -- Appendix: Demonstrating the Terminal Value (TV) of DCFs -- References -- Index -- Other titles from iSTE in Innovation, Entrepreneurship and Management -- EULA.
|
| 650 |
|
0 |
|a Valuation.
|
| 650 |
|
0 |
|a Evaluation.
|
| 655 |
|
4 |
|a Electronic books.
|
| 776 |
0 |
8 |
|i Print version:
|a Heller, David.
|t Performance of valuation methods in financial transactions.
|d London : ISTE, Ltd. ; Hoboken, NJ : Wiley, 2021
|z 1786306360
|z 9781786306364
|
| 830 |
|
0 |
|a Modern finance, management innovation and economic growth set ;
|v v. 4.
|
| 856 |
4 |
0 |
|u http://proxy.library.tamu.edu/login?url=https://onlinelibrary.wiley.com/book/10.1002/9781119821434
|z Connect to the full text of this electronic book
|t 0
|
| 955 |
|
|
|a Wiley EBA record
|
| 975 |
|
|
|p Wiley UBCM Full Collection 2026
|
| 999 |
f |
f |
|s b8dc6876-9cb1-445b-bbdf-aa4e099b5b4c
|i b271b0ef-38a3-4e17-b3e3-51d7a2ac7ed5
|t 0
|
| 952 |
f |
f |
|a Texas A&M University
|b College Station
|c Electronic Resources
|s evans_pda
|d Available Online
|t 0
|e HF5681.V3 H45 2021
|h Library of Congress classification
|
| 998 |
f |
f |
|a HF5681.V3 H45 2021
|t 0
|l Available Online
|